000 00262nam a22001217a 4500
003 OSt
008 221107b |||||||| |||| 00| 0 eng d
041 _aeng
082 _a338.634
_bMAT/MA
100 _aMatook,A.S
_95302
245 _aMatch manufacture
942 _cBK
999 _c17578
_d17578